[Event "36th Zalakaros Open 2017"]
[Site "Zalakaros HUN"]
[Date "2017.05.26"]
[Round "9.4"]
[White "Markus,Rob"]
[Black "Svane,R"]
[Result "1-0"]
[WhiteElo "2673"]
[BlackElo "2573"]

1.Nf3 d5 2.g3 g6 3.Bg2 Bg7 4.d4 Nf6 5.O-O O-O 6.Na3 b6 7.c4 Bb7 8.Ne5 e6 9.Bf4
Na6 10.Rc1 c5 11.dxc5 bxc5 12.Qb3 Qe7 13.Rfd1 Rfd8 14.Nb5 Nb4 15.a3 Nc6
16.cxd5 exd5 17.Nf3 c4 18.Qe3 Qxe3 19.Bxe3 Ng4 20.Bf4 h6 21.Nc3 g5 22.Bc7 Bxc3
23.Rxc3 Rd7 24.h3 Nxf2 25.Kxf2 Rxc7 26.Rxd5 Ne7 27.Rd4 Rac8 28.Nd2 Bxg2
29.Kxg2 Nf5 30.Rd5 Ne7 31.Ra5 Rd7 32.Nxc4 Nd5 33.Ne5 Nxc3 34.Nxd7 Nxe2 35.Rxa7
Rc2 36.Kf3 Rxb2 37.Ne5 f5 38.h4 Ng1+ 39.Ke3 Re2+ 40.Kd4 f4 41.gxf4 gxf4 42.Ra6
Rg2 43.Rg6+ Rxg6 44.Nxg6 Ne2+ 45.Ke4 Nc3+ 46.Kxf4 Kf7 47.Kf5 Na4 48.Ne5+ Kg7
49.h5 Nc5 50.Ng4 Na4 51.Ke6 Nc3 52.Ne3 Ne4 53.Nf5+ Kh7 54.Ke5 Nc3 55.Kf4 Nd5+
56.Ke5 Nc3 57.Ke6 Na4 58.Kf7 Nc5 59.Ne3 Ne4 60.a4 Nd6+ 61.Ke6 Nb7 62.Kd5 Kg7
63.Ng4 Na5 64.Kc5 Nb3+ 65.Kb6 Nd2 66.a5 Nc4+ 67.Kb5 {#r} 1-0

[Event "6th CHN w Masters 2017"]
[Site "Wuxi CHN"]
[Date "2017.05.28"]
[Round "2.4"]
[White "Huang Qian"]
[Black "Zhao,Shengxin"]
[Result "1-0"]
[WhiteElo "2444"]
[BlackElo "2155"]

1.Nf3 d5 2.g3 Bg4 3.Bg2 e6 4.c4 c6 5.Qb3 Qb6 6.d3 Nd7 7.O-O Ngf6 8.Be3 Qxb3
9.axb3 a6 10.h3 Bxf3 11.Bxf3 Bd6 12.Bg2 O-O 13.Rc1 h6 14.c5 Bc7 15.Bd2 Rfe8
16.b4 Nf8 17.Be1 N6d7 18.Nd2 f5 19.Nb3 e5 20.e4 fxe4 21.dxe4 Nf6 22.exd5 Nxd5
23.Bc3 Ne6 24.Re1 Rad8 25.h4 Kf7 26.Be4 Nf6 27.Kg2 Nd4 28.Nd2 Rd7 29.Nc4 Nb5
30.Bf5 Rde7 31.Rad1 Nd5 32.Bd2 e4 33.h5 Rd8 34.Bxe4 Kf8 35.Bf3 Nd4 36.Rxe7
Nxe7 37.Bg4 Nb3 38.Be1 Rd4 39.Rxd4 Nxd4 40.Bc3 Nb5 41.Bd2 Kf7 42.Kf3 Kf6
43.Ke4 Kf7 44.Bd7 Kf6 45.g4 Kf7 46.f4 Kf8 47.g5 hxg5 48.fxg5 Kf7 49.Bg4 Bb8
50.Na5 {#r} 1-0

[Event "14th Orlova Open 2017"]
[Site "Orlova CZE"]
[Date "2017.05.28"]
[Round "9.4"]
[White "Zabystrzan,P"]
[Black "Kolar,St"]
[Result "1-0"]
[WhiteElo "2185"]
[BlackElo "2108"]

1.Nf3 Nf6 2.g3 d5 3.Bg2 c5 4.c4 d4 5.b4 cxb4 6.a3 b3 7.Qxb3 Nc6 8.d3 e6 9.O-O
Bc5 10.a4 O-O 11.Ba3 Qe7 12.Bxc5 Qxc5 13.Qb5 Nd7 14.Nbd2 a6 15.Qxc5 Nxc5
16.Rfb1 Rd8 17.Nb3 Nxb3 18.Rxb3 a5 19.Rb5 Ra7 20.Nd2 Nb4 21.Nb3 Bd7 22.Rxb7
Rxb7 23.Bxb7 Rb8 24.Nxa5 Kf8 25.c5 Nd5 26.c6 Be8 27.Nb3 e5 28.Nc5 Ke7 29.Na6
Rd8 30.c7 {#r} 1-0

[Event "Bodensee Open 2017"]
[Site "Bregenz AUT"]
[Date "2017.05.23"]
[Round "4.1"]
[White "Schlosser,P"]
[Black "Kuijf,R"]
[Result "1-0"]
[WhiteElo "2501"]
[BlackElo "2368"]

1.Nf3 d5 2.g3 Bf5 3.Bg2 e6 4.c4 c6 5.cxd5 cxd5 6.Qb3 Qc7 7.Nc3 Nc6 8.d3 Nf6
9.Bf4 Qd7 10.O-O Be7 11.Ne5 Nxe5 12.Bxe5 O-O 13.e4 Bg6 14.exd5 Nxd5 15.Nxd5
exd5 16.Bxd5 Rad8 17.Be4 b6 18.Rac1 Bc5 19.Bxg6 hxg6 20.d4 Bxd4 21.Rc7 Qf5
22.Bxd4 Rxd4 23.Rxa7 b5 24.Ra5 Rb8 25.a4 Rd5 26.Rd1 Re5 27.Rxb5 Rexb5 28.axb5
Rxb5 29.Qc3 Rc5 30.Qd4 g5 31.b4 Rc2 32.h3 Qf3 33.Rb1 f5 34.Qe3 {#r} 1-0

[Event "Deltalift Open 2017"]
[Site "Tylosand SWE"]
[Date "2017.05.27"]
[Round "7.2"]
[White "Turov,M"]
[Black "Ingbrandt,J"]
[Result "1-0"]
[WhiteElo "2600"]
[BlackElo "2359"]

1.Nf3 Nf6 2.g3 d5 3.Bg2 c6 4.O-O Bf5 5.d3 e6 6.Nh4 Nbd7 7.Nxf5 exf5 8.Nd2 Be7
9.c4 O-O 10.cxd5 Nxd5 11.a3 Nc5 12.Nc4 a5 13.d4 Ne6 14.e3 a4 15.Bd2 Ra7 16.b4
Nec7 17.Qc2 g6 18.Nb2 Nb5 19.Rfd1 Re8 20.Nd3 Bf6 21.Nc5 Re7 22.Bf1 h5 23.Nxa4
Ndc7 24.Bc1 h4 25.Nc3 hxg3 26.hxg3 Nxc3 27.Qxc3 Qd7 28.Qb3 Ne6 29.Bb2 Ng5
30.Bg2 Ne4 31.d5 Bxb2 32.dxc6 Qxc6 33.Qxb2 Ra8 34.Rac1 Qe6 35.Rd3 b5 36.Rcd1
Ree8 37.Bf3 Rac8 38.Kg2 g5 39.Rh1 Nf6 40.Rc1 g4 41.Be2 Kg7 42.Rd4 Rxc1 43.Qxc1
Rc8 44.Qd2 Qc6+ 45.f3 Qc3 46.fxg4 fxg4 47.Qxc3 Rxc3 48.e4 Re3 49.Bxb5 Nxe4
50.Rd3 Re2+ 51.Kf1 Rc2 52.Ba4 Rc1+ 53.Ke2 f5 54.Bd7 Kf6 55.a4 Rb1 56.b5 Ke5
57.Bc6 Rb2+ 58.Ke3 Nxg3 59.Rd5+ Kf6 60.a5 Rb3+ 61.Kd4 Ne2+ 62.Kc4 Rc3+ 63.Kb4
g3 64.Rd2 Re3 65.a6 {#r} 1-0

[Event "ch-Flemish 2017"]
[Site "Ghent BEL"]
[Date "2017.05.25"]
[Round "2.6"]
[White "Ghyselen,W"]
[Black "Barbe,T"]
[Result "1-0"]
[WhiteElo "2152"]
[BlackElo "2074"]

1.Nf3 Nf6 2.g3 d5 3.Bg2 c6 4.O-O Bf5 5.d3 h6 6.Nbd2 e6 7.Qe1 Be7 8.e4 Bh7
9.Qe2 O-O 10.Re1 Re8 11.e5 Nfd7 12.h4 a5 13.Nf1 b5 14.N1h2 Na6 15.Ng4 Bf8
16.Bf4 c5 17.Qd2 Nb4 18.a3 Nc6 19.c4 bxc4 20.dxc4 d4 21.Bxh6 gxh6 22.Nxh6+
Bxh6 23.Qxh6 Rc8 24.Ng5 Nf8 25.Be4 Bxe4 26.Nxe4 Nh7 27.Nf6+ {#r} 1-0

[Event "15th Somov Memorial 2017"]
[Site "Kirishi RUS"]
[Date "2017.05.23"]
[Round "6.6"]
[White "Pultinevicius,Paulius"]
[Black "Sargsyan,Shant"]
[Result "1-0"]
[WhiteElo "2395"]
[BlackElo "2409"]

1.Nf3 d5 2.g3 g6 3.Bg2 Bg7 4.d4 Nd7 5.c4 dxc4 6.Qa4 Nf6 7.Qxc4 O-O 8.Qc2 Nb6
9.e4 Bg4 10.Be3 c6 11.Nbd2 Qc8 12.h3 Be6 13.a4 a5 14.Rc1 Rd8 15.Ng5 h6 16.Nxe6
Qxe6 17.O-O Ne8 18.Nf3 Nd7 19.Rfe1 Nf8 20.Bf1 Nd6 21.Bf4 Qd7 22.Ne5 Qe8 23.Qb3
e6 24.h4 Qe7 25.Nf3 Ne8 26.Rc4 Nf6 27.Bd2 Qc7 28.Rc3 Qe7 29.Rc2 Qc7 30.Kg2 Re8
31.Bc4 N8d7 32.e5 Nh7 33.Bf4 Nb6 34.Qe3 Nxc4 35.Rxc4 h5 36.Nd2 Qd7 37.Ne4 Bf8
38.Bh6 Be7 39.b3 Qd5 40.Kh2 Rad8 41.Rd1 b6 42.Qf3 b5 43.axb5 cxb5 44.Rc7 Rd7
45.Rxd7 Qxd7 46.g4 hxg4 47.Qxg4 Kh8 48.d5 Rg8 49.d6 f5 50.exf6 Bxf6 51.Nxf6
Nxf6 52.Qd4 Kh7 53.Qxf6 Kxh6 54.h5 Kh7 55.Qe5 Qg7 56.Qe4 Qf6 57.Rg1 Qxf2+
58.Rg2 Qf5 59.hxg6+ Kg7 60.Qd4+ Qf6 61.Qa7+ {#r} 1-0

[Event "26th Chicago Open 2017"]
[Site "Chicago USA"]
[Date "2017.05.27"]
[Round "4.7"]
[White "Shabalov,A"]
[Black "Gurevich,Daniel"]
[Result "0-1"]
[WhiteElo "2556"]
[BlackElo "2460"]
[EventType "swiss"]

1.Nf3 d5 2.g3 Bg4 3.Bg2 c6 4.O-O Nf6 5.b3 e6 6.Bb2 Be7 7.d3 O-O 8.Nbd2 a5 9.a4
Na6 10.h3 Bxf3 11.Nxf3 Qc7 12.e3 Nd7 13.Qe2 Bf6 14.d4 e5 15.dxe5 Nxe5 16.Nd4
Rfe8 17.Rad1 Nc5 18.g4 Ng6 19.g5 Be5 20.Qg4 Ne6 21.Nxe6 Rxe6 22.Bc1 Bc3 23.h4
Ne5 24.Qg3 Bb4 25.Bb2 Bd6 26.f4 Nd7 27.e4 dxe4 28.Qc3 Bf8 29.f5 Ree8 30.Rfe1
e3 31.Re2 Ne5 32.Rd4 Bb4 33.Rxb4 axb4 34.Qxe3 f6 35.Qg3 Kh8 36.h5 Rad8 37.h6
Rd1+ 38.Bf1 gxh6 39.Bxe5 fxe5 40.f6 Rg8 41.Rxe5 Qxe5 {#R} 0-1

[Event "26th Chicago Open 2017"]
[Site "Chicago USA"]
[Date "2017.05.28"]
[Round "7.18"]
[White "Shetty,A"]
[Black "Homa,S"]
[Result "1-0"]
[WhiteElo "2422"]
[BlackElo "2285"]
[EventType "swiss"]

1.Nf3 d5 2.g3 Bg4 3.Bg2 c6 4.c4 e6 5.O-O Nf6 6.b3 Nbd7 7.Bb2 Bd6 8.d4 O-O
9.Nc3 a5 10.Re1 h6 11.e4 dxe4 12.Nxe4 Nxe4 13.Rxe4 Nf6 14.Re1 b5 15.Qc1 bxc4
16.Qxc4 Bxf3 17.Bxf3 Rc8 18.Bxc6 Nd5 19.Qb5 Bb4 20.Rec1 Qg5 21.a3 Qd2 22.axb4
Qxb2 23.Rab1 Qd2 24.bxa5 Nc3 25.Rxc3 Qxc3 26.Bb7 Qc2 27.Qf1 Rc3 28.b4 Qa4
29.a6 Ra3 30.Qc4 Rd8 31.Qc5 g6 32.Kg2 Ra2 33.Rc1 Qb3 34.b5 Qb2 35.d5 e5 36.b6
e4 37.a7 e3 38.Qxe3 Rxa7 39.bxa7 Qxb7 40.Ra1 Ra8 41.Qc5 {#r} 1-0

[Event "chess.com Speed 1m+1spm 2017"]
[Site "chess.com INT"]
[Date "2017.05.25"]
[Round "1.26"]
[White "Giri,A"]
[Black "So,W"]
[Result "0-1"]
[WhiteElo "2785"]
[BlackElo "2815"]

1.Nf3 d5 2.g3 Nf6 3.Bg2 e6 4.O-O Be7 5.d3 O-O 6.Nbd2 c5 7.e4 Nc6 8.Re1 b5 9.e5
Nd7 10.Nf1 a5 11.h4 b4 12.h5 a4 13.h6 g6 14.Bf4 a3 15.b3 Bb7 16.Qd2 Rc8
17.Rac1 Re8 18.N1h2 Qc7 19.Ng4 Nd4 20.Nxd4 cxd4 21.Bg5 Bf8 22.Qf4 Qc3 23.Bf6
Qb2 24.Bg7 Be7 25.Bf6 Bf8 26.Bg7 Be7 27.Nf6+ Bxf6 28.exf6 Rxc2 29.Rxc2 Qxc2
30.Qxd4 Qc3 31.Qe3 d4 32.Qe2 Bxg2 33.Kxg2 Nc5 34.Qe5 Nxd3 35.Qb5 Nxe1+ 36.Kh3
Rc8 {#R} 0-1

[Event "36th Zalakaros Open 2017"]
[Site "Zalakaros HUN"]
[Date "2017.05.24"]
[Round "7.32"]
[White "Ikeda,J"]
[Black "Horvath,Dominik"]
[Result "1-0"]
[WhiteElo "2412"]
[BlackElo "2275"]

1.e4 c5 2.Nf3 e6 3.g3 Nc6 4.Bg2 Nf6 5.d3 d5 6.Nbd2 Be7 7.O-O O-O 8.Re1 b5 9.e5
Ne8 10.Nf1 Rb8 11.h4 a5 12.Bf4 b4 13.N1h2 Nc7 14.c3 Ba6 15.Ng5 bxc3 16.bxc3
Qe8 17.Bf1 Nb5 18.Rc1 d4 19.cxd4 cxd4 20.Qh5 Bxg5 21.hxg5 Nc3 22.Qh3 Nb4
23.Ng4 Kh8 24.Nf6 gxf6 25.exf6 Rg8 26.Bxb8 Qxb8 27.Qh5 Qc7 28.Rxe6 fxe6 29.f7
Ne2+ 30.Kh2 Qxc1 31.g6 h6 32.Qe5+ {#r} 1-0

[Event "10th KIIT Elite Open 2017"]
[Site "Bhubaneswar IND"]
[Date "2017.05.27"]
[Round "2.5"]
[White "Debashis,D"]
[Black "Anustoop,Biswas"]
[Result "1-0"]
[WhiteElo "2496"]
[BlackElo "2106"]

1.Nf3 d5 2.g3 c5 3.Bg2 Nf6 4.O-O e6 5.c4 d4 6.d3 Nc6 7.e3 dxe3 8.Bxe3 Be7
9.Nc3 Ng4 10.Bf4 g5 11.Bc1 Nge5 12.Nxe5 Nxe5 13.Qe2 Nc6 14.Be3 Qb6 15.Rfe1 h6
16.a3 Qd8 17.Rad1 Bd7 18.Qh5 Qa5 19.Nd5 exd5 20.Bxg5 Bg4 21.Qxg4 hxg5 22.cxd5
{#r} 1-0

[Event "36th Zalakaros Open 2017"]
[Site "Zalakaros HUN"]
[Date "2017.05.23"]
[Round "6.40"]
[White "Injac,Teodora"]
[Black "Li Bo"]
[Result "0-1"]
[WhiteElo "2296"]
[BlackElo "2359"]

1.Nf3 d5 2.c4 d4 3.a3 c5 4.b4 Qc7 5.g3 e5 6.d3 cxb4 7.Bg2 Nc6 8.O-O Nf6 9.Qa4
Bd7 10.axb4 Nxb4 11.Qa5 Bd6 12.Qxc7 Bxc7 13.Bd2 Nc6 14.Na3 Rd8 15.Rfb1 Bc8
16.Ne1 a6 17.Nec2 O-O 18.Nb4 Nxb4 19.Bxb4 Rfe8 20.Bd2 e4 21.Bg5 exd3 22.exd3
Ba5 23.Nc2 Bc3 24.Ra2 Bf5 25.Bf1 Rd7 26.Bxf6 gxf6 27.Nb4 Bxb4 28.Rxb4 Re1
29.Kg2 Rde7 30.f3 Bd7 31.c5 Rc1 32.Rxd4 Rxc5 33.Kf2 Be6 34.Rd8+ Kg7 35.Rb2
Rec7 36.Ke3 Re5+ 37.Kd2 h5 38.f4 Rd5 39.Rxd5 Bxd5 40.Ke3 Rc1 41.Kd4 Bc6 42.Bg2
Bxg2 43.Rxg2 Rb1 44.Kc5 a5 45.d4 Kf8 46.Kd6 a4 47.Ra2 b5 48.Kc6 Ke7 49.d5 Rb3
50.Kc7 Rd3 51.Kc6 a3 52.Re2+ Kd8 53.Kxb5 Rxd5+ 54.Kb4 Rd3 55.Kc4 Rf3 56.Kd4
Rb3 57.Ke4 Rb5 58.Ra2 Ra5 59.h3 f5+ 60.Kf3 Ke7 {#R} 0-1

[Event "Deltalift Open 2017"]
[Site "Tylosand SWE"]
[Date "2017.05.25"]
[Round "3.6"]
[White "Wallin,D"]
[Black "Brynell,S"]
[Result "0-1"]
[WhiteElo "2154"]
[BlackElo "2430"]

1.Nf3 d5 2.c4 d4 3.b4 a5 4.b5 Bg4 5.Qb3 g6 6.Bb2 Bg7 7.h3 Bf5 8.d3 a4 9.Qb4 e5
10.c5 Ne7 11.Nbd2 Nd5 12.Qa3 O-O 13.g4 Bd7 14.Nc4 Re8 15.b6 cxb6 16.Nd6 Re6
17.Bc1 Bc6 18.Ng5 Nf4 19.Nxe6 Nxe6 20.Rg1 bxc5 21.Ne4 Bxe4 22.dxe4 c4 23.Qb4
c3 24.Qxb7 Nd7 25.Ba3 Rb8 26.Qa7 Qc8 27.e3 Ra8 28.Ba6 Qxa6 29.Qxd7 Rd8 {#R}
0-1

[Event "26th Chicago Open 2017"]
[Site "Chicago USA"]
[Date "2017.05.26"]
[Round "2.1"]
[White "Nyzhnyk,I"]
[Black "Mulyar,M"]
[Result "1-0"]
[WhiteElo "2610"]
[BlackElo "2407"]
[EventType "swiss"]

1.Nf3 d5 2.c4 d4 3.g3 c5 4.Bg2 Nc6 5.O-O e5 6.d3 Bd6 7.e3 Nge7 8.exd4 cxd4
9.Na3 O-O 10.Nc2 Ng6 11.Ng5 h6 12.Ne4 Be7 13.Qh5 Qd7 14.f4 exf4 15.Bxf4 Qg4
16.Qb5 a6 17.Qb6 Nxf4 18.Rxf4 Qe2 19.Qb3 Na5 20.Qa4 Qxd3 21.Rc1 Qxc4 22.Qxa5
Bd8 23.Qd2 Bb6 24.Kh1 Be6 25.Nf6+ gxf6 26.Rh4 Bd5 27.Qxh6 Bxg2+ 28.Kxg2 {#r}
1-0

[Event "TCh-FRA Top 12 2017"]
[Site "Chartres FRA"]
[Date "2017.05.26"]
[Round "9.3"]
[White "Milov,V"]
[Black "Rozentalis,E"]
[Result "0-1"]
[WhiteElo "2604"]
[BlackElo "2535"]

1.c4 e6 2.Nc3 b6 3.e4 Bb7 4.Nf3 Bb4 5.Bd3 Ne7 6.O-O O-O 7.Bc2 f5 8.e5 Bxf3
9.Qxf3 Nbc6 10.Qg3 Ng6 11.f4 d6 12.Ba4 Nd4 13.Kh1 dxe5 14.fxe5 f4 15.Qe1 f3
16.g3 Qg5 17.a3 Be7 18.d3 Qh5 19.Be3 Rad8 20.Nd5 exd5 21.Bxd4 c5 22.cxd5 cxd4
23.d6 Qh3 24.Rf2 Bg5 25.Bb3+ Kh8 26.Qe4 Be3 {#R} 0-1

[Event "Bodensee Open 2017"]
[Site "Bregenz AUT"]
[Date "2017.05.25"]
[Round "6.8"]
[White "Knoedler,D"]
[Black "Bharath,Subramaniyam H"]
[Result "1-0"]
[WhiteElo "2308"]
[BlackElo "2204"]

1.c4 g6 2.g3 Bg7 3.Bg2 e5 4.Nc3 d6 5.d3 f5 6.e4 Nf6 7.Nge2 O-O 8.O-O Nc6 9.Nd5
h6 10.Be3 Be6 11.h3 Qd7 12.exf5 Bxf5 13.g4 Be6 14.Qd2 Kh7 15.d4 exd4 16.Nxd4
Nxd4 17.Bxd4 Qf7 18.b3 Bxd5 19.cxd5 Rfe8 20.Rae1 Rxe1 21.Rxe1 Re8 22.Rxe8 Nxe8
23.Be3 a6 24.Qd3 Nf6 25.Qc4 Qe7 26.a4 Qe5 27.Bf3 Ne8 28.Kg2 Qe7 29.Bd2 Bf6
30.a5 Qe5 31.Be3 Qc3 32.Qa4 Ng7 33.Qd7 Qxb3 34.Qf7 Bg5 35.Be4 Kh8 36.Bxg6 Be7
37.Qxe7 Qxd5+ 38.Be4 Qe6 39.Qf8+ Qg8 40.Qxg8+ Kxg8 41.Bxb7 Ne6 42.Bxa6 c6
43.Bb7 Nc7 44.Bb6 Nd5 45.Bxc6 Nb4 46.Bb5 Kf7 47.a6 Nxa6 48.Bxa6 d5 49.f4 Kg6
50.Bb7 d4 51.Bxd4 Kf7 52.Bd5+ Kg6 53.f5+ Kh7 54.f6 Kg6 55.f7 h5 56.f8=Q hxg4
57.Qf6+ Kh5 58.Bf7# 1-0

[Event "Deltalift Open 2017"]
[Site "Tylosand SWE"]
[Date "2017.05.25"]
[Round "2.19"]
[White "Goransson,Martin"]
[Black "Silseth,S"]
[Result "0-1"]
[WhiteElo "2009"]
[BlackElo "2254"]

1.c4 f5 2.g3 Nf6 3.Nc3 g6 4.Nf3 d6 5.d3 Bg7 6.Bg2 O-O 7.O-O e5 8.e4 Nc6 9.Nd5
fxe4 10.Nxf6+ Qxf6 11.Bg5 Qf7 12.Ne1 exd3 13.Nxd3 Kh8 14.Rc1 Bf5 15.Be3 e4
16.Nf4 Ne5 17.c5 dxc5 18.Rxc5 b6 19.Rc2 Rad8 20.Qc1 c5 21.b4 Nd3 22.Nxd3 exd3
23.Rb2 c4 24.Bd2 Qf6 {#R} 0-1

[Event "Deltalift Open 2017"]
[Site "Tylosand SWE"]
[Date "2017.05.25"]
[Round "3.3"]
[White "Nyander,J"]
[Black "Hillarp Persson,T"]
[Result "0-1"]
[WhiteElo "2222"]
[BlackElo "2490"]

1.c4 f5 2.g3 Nf6 3.Bg2 e5 4.Nc3 Nc6 5.d3 Bb4 6.Bd2 O-O 7.e3 f4 8.exf4 exf4
9.Bxf4 d5 10.cxd5 Nxd5 11.Bxd5+ Qxd5 12.Qb3 Qxb3 13.axb3 Nd4 14.O-O-O Be6
15.Be3 c5 16.h3 Bxb3 17.Rf1 Rad8 18.f4 Nf5 19.Bf2 Rxd3 20.g4 Nd4 21.Nge2 Nxe2+
22.Nxe2 Re8 23.Nc3 Bxc3 24.bxc3 Re2 25.Bh4 Rxc3+ 26.Kb1 Ba2+ 27.Ka1 Bd5 28.Re1
Ra3+ 29.Kb1 Be4+ {#R} 0-1

[Event "4th Gligoric Cup 2017"]
[Site "Novi Banovci SRB"]
[Date "2017.05.28"]
[Round "5.7"]
[White "Kovacic,M"]
[Black "Labus,V"]
[Result "1-0"]
[WhiteElo "2212"]
[BlackElo "2072"]

1.c4 f5 2.Nf3 Nf6 3.g3 e6 4.Bg2 Be7 5.O-O O-O 6.b3 d6 7.Bb2 e5 8.d3 Nbd7 9.Nc3
c6 10.b4 a6 11.a4 Ng4 12.Nd2 f4 13.h3 Nh6 14.e3 fxe3 15.fxe3 Qb6 16.Qe2 Qxb4
17.Nce4 Qb6 18.g4 Nf7 19.Ba3 Qc7 20.Ng3 Nf6 21.Nf5 Be6 22.h4 Bxf5 23.gxf5 Qd7
24.Ne4 Nxe4 25.Bxe4 Bxh4 26.Qh5 Bf6 27.Kf2 Ng5 28.Rh1 Rfd8 29.Rag1 h6 30.Qg6
Qf7 31.Rxh6 Qxg6 32.Rxg6 Nh3+ 33.Ke2 Nxg1+ 34.Rxg1 Kf7 35.Rb1 Rab8 36.Bf3 Ke7
37.Bb4 b5 38.axb5 cxb5 39.c5 dxc5 40.Bxc5+ Kd7 41.Bd5 Rh8 42.Be6+ Ke8 43.Kf3
Rd8 44.Rb3 Rh4 45.e4 Rh3+ 46.Ke2 Rh2+ 47.Ke3 Bg5+ 48.Kf3 Rd2 49.Kg4 Be7
50.Bxe7 Kxe7 51.Rc3 R2xd3 52.Rc7+ R3d7 53.Bxd7 Rxd7 54.Rc6 Ra7 55.Re6+ Kd7
56.Rxe5 Kd6 57.Rd5+ Kc6 58.Rd8 b4 59.e5 b3 60.Rb8 Rb7 61.Rxb7 Kxb7 62.f6 b2
63.f7 b1=Q 64.f8=Q Qe4+ 65.Kh3 Qd3+ 66.Kg4 Qd4+ 67.Kh3 Qc3+ 68.Kg4 Qc8+ 69.Qf5
Qxf5+ 70.Kxf5 a5 71.e6 Kc7 72.Kg6 a4 73.e7 {#r} 1-0

[Event "TCh-FRA Top 12 2017"]
[Site "Chartres FRA"]
[Date "2017.05.26"]
[Round "9.6"]
[White "Sulava,N"]
[Black "Marchadour,E"]
[Result "1-0"]
[WhiteElo "2468"]
[BlackElo "2097"]

1.Nf3 Nf6 2.g3 g6 3.b3 Bg7 4.Bb2 d5 5.c4 c6 6.Bg2 O-O 7.O-O Re8 8.d4 Bg4 9.Ne5
Qc8 10.Re1 Bh3 11.Bh1 Nbd7 12.Nc3 Nxe5 13.dxe5 Ng4 14.cxd5 Qf5 15.f3 Qxe5
16.e3 Nxe3 17.Qd2 Qd4 18.Qxe3 Qxe3+ 19.Rxe3 Bd4 20.Kf2 cxd5 21.Rd1 Bxe3+
22.Kxe3 Rac8 23.Rxd5 Rc6 24.f4 Rec8 25.Kd2 Be6 26.Rd4 R6c7 27.Be4 a6 28.h4 h5
29.Nd5 Bxd5 30.Rxd5 b5 31.f5 Kh7 32.fxg6+ {#r} 1-0

[Event "36th Zalakaros Open 2017"]
[Site "Zalakaros HUN"]
[Date "2017.05.26"]
[Round "9.42"]
[White "Tate,A"]
[Black "Csiki,Endre"]
[Result "1-0"]
[WhiteElo "2320"]
[BlackElo "2200"]

1.Nf3 Nf6 2.g3 g6 3.b3 Bg7 4.Bb2 O-O 5.Bg2 d5 6.c4 c6 7.O-O a5 8.Nc3 Re8 9.d4
Nbd7 10.cxd5 Nxd5 11.e4 Nxc3 12.Bxc3 c5 13.Rc1 cxd4 14.Bxd4 e5 15.Bb2 b6
16.Rc2 Ba6 17.Rd2 Ra7 18.Bh3 Bc8 19.Re1 Qc7 20.Rd5 f6 21.Rd6 Nc5 22.Qd5+ Kh8
23.Bxc8 Rxc8 24.h4 h5 25.Ba3 Kh7 26.Rc1 Qb7 27.Qxb7 Rxb7 28.Bxc5 Rbc7 29.Rxb6
Rxc5 30.Rxc5 Rxc5 31.Ra6 Kh6 32.Kg2 Rc2 33.Rxa5 Bf8 34.Ne1 Re2 35.Nd3 Rxe4
36.Kf3 Rd4 37.Ke3 Rd8 38.Rb5 Kh7 39.f3 Rc8 40.Rb7+ Kg8 41.Rd7 Rc2 42.a4 Rg2
43.a5 Bh6+ 44.Ke4 Ra2 45.b4 Bg7 46.Kd5 f5 47.Nxe5 Rd2+ 48.Kc5 Rxd7 49.Nxd7 g5
50.a6 f4 51.gxf4 gxh4 52.a7 {#r} 1-0

[Event "Bodensee Open 2017"]
[Site "Bregenz AUT"]
[Date "2017.05.23"]
[Round "4.12"]
[White "Srienz,C"]
[Black "Rogozenco,Teodora"]
[Result "0-1"]
[WhiteElo "2159"]
[BlackElo "2139"]

1.Nf3 d5 2.g3 Nf6 3.Bg2 Bg4 4.c4 c6 5.Ne5 Bh5 6.cxd5 cxd5 7.O-O e6 8.Nc3 Nbd7
9.Qa4 Bd6 10.d4 O-O 11.Bf4 Nb6 12.Qb3 Rc8 13.e3 Be7 14.h3 Bg6 15.Nxg6 hxg6
16.g4 Qd7 17.Rfc1 Nc4 18.a4 Rc6 19.Rc2 Rfc8 20.Rac1 Na5 21.Qb5 Qd8 22.Qd3 Nb3
23.Rd1 Bb4 24.Qb5 Qe7 25.g5 Nh5 26.Bxd5 Nxf4 27.exf4 a6 28.Qd3 exd5 29.Nxd5
Qd6 30.Qxb3 Rxc2 31.Nxb4 Rc1 32.Rxc1 Rxc1+ 33.Kg2 Qxf4 34.Qe3 Qxe3 35.fxe3 Rc4
36.Nd3 Rxa4 37.Kf3 Kf8 38.Ke4 Ke7 39.Ke5 f6+ 40.Kf4 Ra5 41.h4 Rf5+ 42.Kg4 Rb5
43.Kf4 Rb3 44.Ke4 f5+ {#R} 0-1

[Event "Bodensee Open 2017"]
[Site "Bregenz AUT"]
[Date "2017.05.26"]
[Round "7.9"]
[White "Welling,G"]
[Black "Van den Bersselaar,J"]
[Result "0-1"]
[WhiteElo "2307"]
[BlackElo "2154"]

1.Nf3 d5 2.c4 c6 3.e3 Nf6 4.Nc3 Nbd7 5.cxd5 cxd5 6.b3 e5 7.Bb2 Bd6 8.Nb5 Bb8
9.Ba3 Nb6 10.Qc1 a6 11.Nc3 Bd6 12.Bb5+ Kf8 13.Be2 Qe7 14.Bxd6 Qxd6 15.d4 e4
16.Nd2 Bg4 17.h3 Bxe2 18.Nxe2 Rc8 19.Qb2 g6 20.O-O Kg7 21.Rfc1 Nh5 22.Rxc8
Rxc8 23.Rc1 f5 24.Rxc8 Nxc8 25.Qc3 Ne7 26.Qc5 Qxc5 27.dxc5 Kf6 28.Nd4 Ng7
29.b4 Ne6 30.Nxe6 Kxe6 31.a4 d4 32.exd4 Kd5 33.Nb3 Kc4 34.Na5+ Kxb4 35.Nxb7
Kxa4 36.g4 Kb5 37.Nd6+ Kc6 38.gxf5 gxf5 39.Kf1 Kd5 {#R} 0-1

[Event "Bodensee Open 2017"]
[Site "Bregenz AUT"]
[Date "2017.05.27"]
[Round "8.8"]
[White "Cunningham,R"]
[Black "Sydow,H"]
[Result "1-0"]
[WhiteElo "2255"]
[BlackElo "2117"]

1.c4 Nf6 2.g3 c6 3.Bg2 d5 4.Nf3 dxc4 5.a4 Bf5 6.Na3 e6 7.Nxc4 Nbd7 8.O-O Be7
9.d3 O-O 10.a5 a6 11.Bd2 Bg4 12.Qb3 Nc5 13.Qc2 Ncd7 14.Rfe1 Bxf3 15.Bxf3 e5
16.Bc3 Qc7 17.d4 exd4 18.Bxd4 Rad8 19.Red1 Rfe8 20.Bc3 Bf8 21.Rd2 Nd5 22.Bxd5
cxd5 23.Ne3 Nf6 24.Ra4 Rxe3 25.Bxf6 Rxg3+ 26.hxg3 Qxc2 27.Rxc2 gxf6 28.Rd4 Kg7
29.Rc7 Rb8 30.Rg4+ Kh6 31.Rxf7 Bc5 32.Rxf6+ Kh5 33.Rgf4 {#r} 1-0

[Event "Deltalift Open 2017"]
[Site "Tylosand SWE"]
[Date "2017.05.25"]
[Round "4.3"]
[White "Hillarp Persson,T"]
[Black "Rydstrom,Tom"]
[Result "1-0"]
[WhiteElo "2490"]
[BlackElo "2312"]

1.c4 c6 2.Nf3 d5 3.e3 Nf6 4.Nc3 e6 5.b3 Nbd7 6.Qc2 Bd6 7.Bb2 Qe7 8.Rg1 h6 9.g4
b6 10.h4 h5 11.g5 Ng4 12.cxd5 Nde5 13.Nxe5 Nxe5 14.Be2 exd5 15.f4 Nd7 16.O-O-O
Bb7 17.Kb1 Rc8 18.Bf3 Rc7 19.Ne2 Qf8 20.Ng3 c5 21.Nf5 Rg8 22.g6 f6 23.Qd3 c4
24.bxc4 Nc5 25.Qc2 Ne4 26.d3 Nc5 27.Bxd5 Bxd5 28.cxd5 Kd7 29.d4 Nb7 30.Qa4+
Kc8 31.Qxa7 Na5 32.Qa8+ Kd7 33.Qxf8 Bxf8 34.e4 Nc4 35.Rg3 Bb4 36.Rb3 Nd2+
37.Rxd2 Bxd2 38.e5 Bxf4 39.e6+ Kc8 40.Rxb6 Rb7 41.Rxb7 Kxb7 42.d6 Kc6 43.d7
Rb8 44.Kc2 Bd6 45.Nxd6 Kxd6 46.d5 Ke7 47.Ba3+ Kd8 48.Bf8 Ra8 49.d6 {#r} 1-0

[Event "Deltalift Open 2017"]
[Site "Tylosand SWE"]
[Date "2017.05.27"]
[Round "7.17"]
[White "Nyander,J"]
[Black "Stray,G"]
[Result "0-1"]
[WhiteElo "2222"]
[BlackElo "2047"]

1.c4 c6 2.g3 d5 3.Bg2 Nf6 4.Nf3 g6 5.b3 Bg7 6.Bb2 O-O 7.O-O Nbd7 8.d3 Re8
9.Nbd2 e5 10.Qc2 a5 11.Rac1 d4 12.a3 c5 13.b4 Rb8 14.bxa5 Qxa5 15.Nb3 Qa7
16.Ra1 Nf8 17.a4 e4 18.dxe4 Nxe4 19.Ne1 Nc3 20.Bxc3 dxc3 21.Bd5 Ne6 22.e3 Nc7
23.e4 Na6 24.Nd3 Bh3 25.Rfb1 b6 26.Nbc1 Qe7 27.Nf4 Bg4 28.Ncd3 g5 29.Ng2 Bd4
30.Rb3 Nb4 31.Nxb4 cxb4 32.Qd3 Bc5 33.Rab1 Bd7 34.Ra1 Qf6 35.Ne3 Re5 36.Ra2 g4
37.Rb1 Qf3 38.Qd1 Qxd1+ 39.Nxd1 Rxd5 40.cxd5 Ra8 41.Ne3 Rxa4 42.Rc2 Bb5 43.Rd1
Ra8 44.d6 Rd8 45.Rcc1 Be2 46.Rd5 Rxd6 47.Re5 Bxe3 48.fxe3 Rd1+ {#R} 0-1

[Event "TCh-FRA Top 12 2017"]
[Site "Chartres FRA"]
[Date "2017.05.25"]
[Round "8.6"]
[White "Bachmann,Ax"]
[Black "Sumets,A"]
[Result "1-0"]
[WhiteElo "2646"]
[BlackElo "2566"]

1.Nf3 d5 2.c4 e6 3.e3 Nf6 4.b3 Be7 5.Bb2 O-O 6.d4 c5 7.Nbd2 cxd4 8.Nxd4 b6
9.cxd5 Nxd5 10.Bd3 Bb7 11.O-O Nf6 12.Rc1 Na6 13.a3 Nc5 14.Be2 Rc8 15.b4 Nce4
16.Nxe4 Nxe4 17.Qa4 Rxc1 18.Rxc1 a5 19.Bf3 axb4 20.axb4 Bd5 21.Qc2 Nf6 22.Bxd5
Nxd5 23.Nc6 Qe8 24.e4 Bg5 25.exd5 Bxc1 26.Qxc1 exd5 27.Bxg7 {#r} 1-0